| 000 | 00666nam a2200253Ia 4500 | ||
|---|---|---|---|
| 003 | OSt | ||
| 005 | 20220928133027.0 | ||
| 006 | a|||||r|||| 00| 0 | ||
| 007 | ta | ||
| 008 | 220927b |||||||| |||| 00| 0 eng d | ||
| 024 | _a95821 | ||
| 037 | _cTextual | ||
| 040 |
_aSDCL _cSDCL _beng |
||
| 041 |
_2eng _aeng |
||
| 082 | _aD6,8(B289J), P8.1-.2 | ||
| 100 | _aHorstmann Cay S | ||
| 245 | 0 | _aCore Java.2V. | |
| 250 | _a8 | ||
| 260 |
_aDelhi _bPearson Education _c2008 |
||
| 650 | _aJava- Programming | ||
| 700 | _a Cornell Gary | ||
| 942 |
_hD6,8(B289J), P8.1-.2 _cTEXL _2CC |
||
| 999 |
_c797387 _d797387 |
||